000 00405nam a2200181Ia 4500
001 4004
005 20260306145724.0
008 260306t1994||||xx |||||||||||||| ||spa||
041 _aESP
082 _a306.36
_bL582
100 _aLucas Marín, Antonio
_eAUT
245 0 _aSociología para la empresa
260 _c1994
300 _a
_c
650 _aGEN
654 _aCHU
942 _cLIB
_dJUS
_fJUS
_2ddc
_n
999 _c4004
_d4004